Specifika tvorby a vedení mezinárodních týmů

Ako postupovať, aby sa dostavil úspech medzinárodného pracovného kolektívu. Starostlivý výber ľudí. Finančné náklady a zabezpečenie pracovných podmienok tímu. Delegovanie tímovej úlohy a pracovných priorít členov tímu. Oboznámenie členov tímu s úlohou a podmienkami práce. Interkultúrny tréning. Ro...

Descrizione completa

Salvato in:
Dettagli Bibliografici
Autore principale: Pavlica, Karel
Natura: Capitolo di libro
Lingua:ceco
Soggetti:
Tags: Aggiungi Tag
Nessun Tag, puoi essere il primo ad aggiungerne!!

MARC

LEADER 00000naa$a2200000$$$4500
001 0045655
005 20231019113502.8
041 0 |a cze 
044 |a CZ 
245 1 0 |a Specifika tvorby a vedení mezinárodních týmů  |c Karel Pavlica 
520 |a Ako postupovať, aby sa dostavil úspech medzinárodného pracovného kolektívu. Starostlivý výber ľudí. Finančné náklady a zabezpečenie pracovných podmienok tímu. Delegovanie tímovej úlohy a pracovných priorít členov tímu. Oboznámenie členov tímu s úlohou a podmienkami práce. Interkultúrny tréning. Rozdelenie rolí a úloh a určenie vedúceho tímu. Pozor na konfrontácie. 
610 2 0 |a práca 
610 2 0 |a podmienky pracovné 
610 2 0 |a tímy pracovné 
610 2 0 |a kolektív pracovný 
610 2 0 |a podnik multinacionálny 
610 2 0 |a kultúra 
610 2 0 |a kultúra podniková 
610 2 0 |a vedenie ľudí 
100 1 |a Pavlica, Karel